000 00703nam a2200229 a 4500
001 43174
003 BD-RjUL
005 20211209053646.0
008 160620s1956 sz b 000 0 eng
035 _a(BD-RjUL) 43292
040 _aDLC
_cDLC
_dMYG
_dBD-RjUL
_beng
041 _aeng
082 _223
_a338.951
_bFIR 1956
110 1 _aChina.
_9132591
245 1 0 _aFirst five-year plan for development of the national economy of the People's Republic of China in 1953-1957 /
_cChina
260 _aPeking :
_bForeign Languages Press,
_c1956.
300 _a231 p. ;
_c22 cm.
650 _aEconomic policy
_zChina
_9132588
700 _aChina
_9132587
942 _2ddc
_cBK
949 _aMYGD [Micro-] [fiche]
999 _c43174
_d43174